Urban-Rural Assembly A Handbook for Co-Visioning Interconnected Regions (Record no. 14176)

000 -LEADER
fixed length control field 00478nam a2200133Ia 4500
003 - CONTROL NUMBER IDENTIFIER
control field OSt
005 - DATE AND TIME OF LATEST TRANSACTION
control field 20260214131755.0
008 - FIXED-LENGTH DATA ELEMENTS--GENERAL INFORMATION
fixed length control field 260210s9999 xx 000 0 und d
020 ## - INTERNATIONAL STANDARD BOOK NUMBER
International Standard Book Number 9783986120924
082 ## - DEWEY DECIMAL CLASSIFICATION NUMBER
Classification number 711
245 #0 - TITLE STATEMENT
Title Urban-Rural Assembly A Handbook for Co-Visioning Interconnected Regions
250 ## - EDITION STATEMENT
Edition statement Anke Hagemann / Ava Lynam / Gaoli Xiao / Wolfgang Wende / Li Fan / Sigrun Langner / Maria Frölich-Kulik / Laura Henneke / Lukas Pappert (eds.)
942 ## - ADDED ENTRY ELEMENTS (KOHA)
Item type B.PLAN
Source of classification or shelving scheme
Holdings
Withdrawn status Lost status Source of classification or shelving scheme Damaged status Koha normalized classification for sorting Not for loan Permanent location Current location Shelving location Date acquired Full call number Barcode Date last seen Price effective from Koha item type
        711_000000000000000   BMS College of Architecture, Design and Planning BMS College of Architecture, Design and Planning General Stacks 2025-12-03 711 AR-UG5040 2026-02-10 2026-02-10 B.PLAN
Copyright © 2025, The Librarian, Library and Information Centre, BMSCA D&P, Bengaluru. All Rights Reserved
web counter

Powered by Koha